Chile : Selected Issues Paper.

The cornerstone of Chile's impressive fiscal performance and strong fiscal system has been its structural balance rule. It has helped to insulate public spending from copper price cycles and improve the government's net financial position. Chile should adopt a full-fledged medium-term fisc...

وصف كامل

التفاصيل البيبلوغرافية
مؤلف مشترك: International Monetary Fund
التنسيق: دورية
اللغة:English
منشور في: Washington, D.C. : International Monetary Fund, 2010.
سلاسل:IMF Staff Country Reports; Country Report ; No. 2010/299
الوصول للمادة أونلاين:Full text available on IMF
LEADER 01628cas a2200241 a 4500
001 AALejournalIMF006751
008 230101c9999 xx r poo 0 0eng d
020 |c 5.00 USD 
020 |z 9781455208388 
022 |a 1934-7685 
040 |a BD-DhAAL  |c BD-DhAAL 
110 2 |a International Monetary Fund. 
245 1 0 |a Chile :   |b Selected Issues Paper. 
264 1 |a Washington, D.C. :  |b International Monetary Fund,  |c 2010. 
300 |a 1 online resource (58 pages) 
490 1 |a IMF Staff Country Reports 
500 |a <strong>Off-Campus Access:</strong> No User ID or Password Required 
500 |a <strong>On-Campus Access:</strong> No User ID or Password Required 
506 |a Electronic access restricted to authorized BRAC University faculty, staff and students 
520 3 |a The cornerstone of Chile's impressive fiscal performance and strong fiscal system has been its structural balance rule. It has helped to insulate public spending from copper price cycles and improve the government's net financial position. Chile should adopt a full-fledged medium-term fiscal framework to improve fiscal planning and provide a framework for addressing temporary deviations from the fiscal rule. Publishing additional fiscal indicators in the budget, such as the non-copper structural balance, could provide more comprehensive information on the impact of fiscal policy on the domestic demand. 
538 |a Mode of access: Internet 
830 0 |a IMF Staff Country Reports; Country Report ;  |v No. 2010/299 
856 4 0 |z Full text available on IMF  |u http://elibrary.imf.org/view/journals/002/2010/299/002.2010.issue-299-en.xml  |z IMF e-Library